| 000 | 00592nam a22001937a 4500 | ||
|---|---|---|---|
| 005 | 20250124193927.0 | ||
| 008 | 250124b |||||||| |||| 00| 0 eng d | ||
| 020 | _a9780075497905 | ||
| 050 |
_aHM51 _b.S64 TEP |
||
| 100 | _aTepperman Lorne | ||
| 245 |
_aAn introduction to Sociology: _bThe Social World/ _cLorne Tepperman & R. Jack Richardson |
||
| 250 | _a2nd Ed. | ||
| 260 |
_aToronto _bMcGraw-Hill Ryerson Limited _c1991 |
||
| 300 |
_a712p. _bill. col. _c24 cm x 20 cm |
||
| 500 | _aIncludes Index | ||
| 650 | _2Sociology | ||
| 700 | _aRichardson R. Jack | ||
| 942 |
_2lcc _cBK _e2nd Ed. _n0 |
||
| 999 |
_c3052 _d3052 |
||